000 01079cam a2200301 a 4500
001 3575218
003 OSt
005 20250820122744.0
008 990205s1999 enka b 001 0 eng
010 _a 99019756
020 _a0631213201 (alk. paper)
020 _a063121321X (pbk. : alk. paper)
040 _aDLC
_cDLC
_dDLC
050 0 0 _aBD21
_b.T35 1999
082 0 0 _a100
_221
100 1 _aTeichman, Jenny.
245 1 0 _aPhilosophy :
_ba beginner's guide /
_cJenny Teichman & Katherine C. Evans.
250 _a3rd ed.
260 _aOxford, UK ;
_aMalden, Mass. :
_bBlackwell Publishers,
_c1999.
300 _aix, 274 p. :
_bill. ;
_c24 cm.
504 _aIncludes bibliographical references (p. 266-271) and index.
650 0 _aPhilosophy
_vIntroductions.
700 1 _aEvans, Katherine C.
906 _a7
_bcbc
_corignew
_d1
_eocip
_f19
_gy-gencatlg
942 _2lcc
_cBK
_n0
999 _c7303
_d7303